A linguagem do corpo (Registo nº 578)

Detalhes MARC
000 -Etiqueta do registo
Valores 00644nam a22001811i 4500
090 ## -
-- 578
100 ## - Dados gerais de processamento
Dados gerais 20170304u u u0frey50 ba
101 0# - Língua de publicação
-- por
200 1# - Titulo e menção de responsabilidade
Primeira menção de responsabilidade M. L. Orlic
Título próprio A linguagem do corpo
Informação de outro título um método para a educação gestual e a reabilitação psicomotora
215 ## - Descrição física 
Paginação / Volumes 122, [6] p.
Outras indicações físicas il.
Dimensões 21 cm
210 ## - Publicação
Nome do editor Socicultura
Local de publicação Lisboa
Data de publicação imp. 1977
225 2# - Colecção 
Título próprio da colecção Educação e reabilitação
410 #0 -
-- Educação e reabilitação
702 #1 - Autor secundário (pessoa individual)
Apelido Malheiro
Nome João Francisco Torres
-- 730
700 #1 - Autor principal (pessoa individual)
Apelido Orlic
Nome M. L.
-- 070
996 ## - ISO2709
-- 0000631
-- ORL
-- 00000000
-- 00000000
-- BMVA
-- 1
-- Viana do Alentejo
-- Medicina
-- 29
-- Livro
-- 0
-- 1
990 ## - Elementos KOHA
Tipo de documento Livro
Exemplares
Situação do levantamento Estado Biblioteca de origem Biblioteca de empréstimo Código de barras Cota Permissão de empréstimo Tipo de documento Nota relativa ao exemplar
  Completo Biblioteca Municipal de Viana Do Alentejo Biblioteca Municipal de Viana Do Alentejo 0000634 159.9 ORL Disponível Livro Em depósito caixa 37 VNT




Powered by Koha